| 000 -LEADER |
| fixed length control field |
00403nam a22001097a 4500 |
| 008 - FIXED-LENGTH DATA ELEMENTS--GENERAL INFORMATION |
| fixed length control field |
150928b xxu||||| |||| 00| 0 eng d |
| 100 ## - MAIN ENTRY--AUTHOR'S NAME |
| Author's Name |
Nielsen, Lasse |
| 245 ## - TITLE STATEMENT |
| Title |
Denmarks Provisionals 1904-1912-1915 |
| Remainder of title |
Danmarks Provisorier 1904-1912-1915 |
| 260 ## - PUBLICATION, DISTRIBUTION, ETC. (IMPRINT) |
| Place of publication, distribution, etc. |
København NV, Danmark |
| Name of publisher, distributor, etc. |
Kjøbenhavns Philatelist Klub |
| Date of publication, distribution, etc. |
1997 |
| 650 ## - TOPICAL TERM (Tag) |
| Topical term or geographic name |
Denmark -- Provisionals and Forerunners | 1904-1915 |
| 700 ## - SECONDARY AUTHOR, EDITOR OR ILLUSTRATOR |
| Personal Name |
Regeling, Henry |